Statistics for Top 5 Golden State Warriors Players Per Position

Click here to take the quiz!

General Stats

  • This quiz has been taken 26 times
  • The average score is 12 of 25

Answer Stats

Position # Player WS % Correct
PG1Stephen Curry103.2
100%
C1Wilt Chamberlain112.4
100%
PF1Draymond Green44.4
100%
SG2Klay Thompson46.8
96%
SF5Kevin Durant33.9
92%
SF3Chris Mullin79.6
83%
SF2Rick Barry85.9
75%
PG2Tim Hardaway38.9
71%
SF1Paul Arizin108.8
63%
SG5Latrell Sprewell27.9
58%
C3Nate Thurmond68.6
54%
PF3David Lee31.0
50%
C2Neil Johnston92.0
38%
SG3Tom Gola43.4
29%
C5Andris Biedriņš30.7
25%
SG4Phil Smith33.0
25%
PF2Larry Smith36.7
25%
PG3Al Attles36.5
21%
PG5Guy Rodgers25.3
21%
SG1Jeff Mullins62.2
17%
PF5Tom Meschery26.7
13%
PF4Joe Fulks29.2
13%
PG4Sleepy Floyd27.6
13%
C4Clifford Ray31.7
4%
SF4Purvis Short42.1
0%

Score Distribution

Percentile by Number Answered

Percent of People with Each Score

Your Score History

You have not taken this quiz